LIBRARY & INFORMATION CENTRE, KCAET, TAVANUR

ONLINE PUBLIC ACCESS CATALOGUE (OPAC)

Khoshayathra / (Record no. 12786)

MARC details
000 -LEADER
fixed length control field 00407cam a2200169ua 4500
041 ## - LANGUAGE CODE
Language code of text/sound track or separate title mal
082 ## - DEWEY DECIMAL CLASSIFICATION NUMBER
Classification number 894.812
Item number KUN/KH
100 ## - MAIN ENTRY--AUTHOR NAME
Personal name Kunchan, Nambiar .
245 ## - TITLE STATEMENT
Title Khoshayathra /
260 ## - PUBLICATION, DISTRIBUTION, ETC. (IMPRINT)
Place of publication Ottapalam :
Name of publisher Ajith book centre ,
Year of publication 1957.
300 ## - PHYSICAL DESCRIPTION
Number of Pages 104 ; .
942 ## - ADDED ENTRY ELEMENTS (KOHA)
Koha item type Books
Holdings
Withdrawn status Lost status Damaged status Home library Current library Date acquired Full call number Accession Number Koha item type
      KAUAET KAUAET 07/04/2012 894.812 13464 Books
free website counter